000 00216nam a2200085Ia 4500
245 0 _aIn my family
100 _a Porter, Anna Australia, 2009
_979166
942 _cBK
008 210817s9999 xx 000 0 und d
999 _c275260
_d275258